|
|
|
|
| LEADER |
00000nab a2200000 a 4500 |
| 001 |
vtls009296164 |
| 003 |
SK-MaSNL |
| 005 |
20260318132625.0 |
| 008 |
080521c2007 xo r m 000 00rus |
| 015 |
|
|
|a SNBRA2008/05SVKPO
|
| 038 |
|
|
|a SVKPO
|
| 040 |
|
|
|a SVKPOCL
|c slo
|e AACR2
|
| 041 |
0 |
|
|a rus
|
| 044 |
|
|
|a xo
|c SK
|
| 080 |
|
|
|a 80(=16)+908(4)
|2 2001
|
| 080 |
|
|
|a 811.16
|2 2001
|
| 080 |
|
|
|a 81 '24
|2 2001
|
| 080 |
|
|
|a 398
|2 2001
|
| 080 |
|
|
|a 811.161.1
|2 2001
|
| 080 |
|
|
|a 811.161.3
|2 2001
|
| 080 |
|
|
|a 811.162.4
|2 2001
|
| 100 |
1 |
|
|a Ščipanská, Nina,
|d 1932-
|4 aut
|9 140275
|
| 245 |
1 |
0 |
|a Fol'klornyje teksty v prepodavaniji jazyka: slavjanskije paralleli
|c Nina Ščipanskaja
|
| 504 |
|
|
|a Bibliogr. odkazy
|
| 546 |
|
|
|a Res. angl.
|
| 650 |
0 |
7 |
|a slavistika
|2 svkpocl
|9 4282
|
| 650 |
0 |
7 |
|a slovanské jazyky
|2 svkpocl
|9 1338
|
| 650 |
0 |
7 |
|a folklórne texty
|2 svkpocl
|9 1172038
|
| 650 |
0 |
7 |
|a ruština
|2 svkpocl
|9 1346
|
| 650 |
0 |
7 |
|a bieloruština
|2 svkpocl
|9 1348
|
| 650 |
0 |
7 |
|a slovenčina
|2 svkpocl
|9 1350
|
| 650 |
0 |
7 |
|a vyučovanie jazykov
|2 svkpocl
|9 31418
|
| 773 |
0 |
|
|t Slovensko-slovanské jazykové, literárne a kultúrne vzťahy : zborník príspevkov z medzinárodnej vedeckej konferencie 4. - 7. októbra 2006
|d Prešov : Prešovská univerzita, Filozofická fakulta, 2007
|g S. 347-359
|z 9788080685577
|
| 852 |
|
|
|a SVKPO
|b KIS3GCP
|
| 958 |
|
|
|a SK
|
| 958 |
|
|
|a NB
|
| 958 |
|
|
|a SS
|
| 958 |
|
|
|a BY
|
| 958 |
|
|
|a RU
|
| 999 |
|
|
|c 2139000
|d 2140930
|